An Undergraduate Introduction to Financial Mathematics (Record no. 1428900)

MARC details
000 -LEADER
fixed length control field 00515nam a22001817a 4500
003 - CONTROL NUMBER IDENTIFIER
control field OSt
005 - DATE AND TIME OF LATEST TRANSACTION
control field 20250520151127.0
008 - FIXED-LENGTH DATA ELEMENTS--GENERAL INFORMATION
fixed length control field 250520b |||||||| |||| 00| 0 eng d
020 ## - INTERNATIONAL STANDARD BOOK NUMBER
International Standard Book Number 9798886130249
040 ## - CATALOGING SOURCE
Transcribing agency rda
100 ## - MAIN ENTRY--PERSONAL NAME
Personal name Buchanan, J Robert.,
Relator term author
9 (RLIN) 809109
245 ## - TITLE STATEMENT
Title An Undergraduate Introduction to Financial Mathematics
Statement of responsibility, etc. by J Robert Buchanan
260 ## - PUBLICATION, DISTRIBUTION, ETC.
Place of publication, distribution, etc. New Jersey:
Name of publisher, distributor, etc. World Scientific,
Date of publication, distribution, etc. 2024.
300 ## - PHYSICAL DESCRIPTION
Extent xvi,449p.
650 ## - SUBJECT ADDED ENTRY--TOPICAL TERM
Source of heading or term Finance
650 ## - SUBJECT ADDED ENTRY--TOPICAL TERM
Source of heading or term Mathematics
942 ## - ADDED ENTRY ELEMENTS (KOHA)
Source of classification or shelving scheme Colon Classification (CC)
Koha item type General Books
Edition 1
Suppress in OPAC No
Holdings
Withdrawn status Lost status Source of classification or shelving scheme Damaged status Not for loan Home library Current library Shelving location Date acquired Cost, normal purchase price Total Checkouts Full call number Barcode Date last seen Price effective from Koha item type
    Colon Classification (CC)     Faculty of Management Library Faculty of Management Library General Stacks 2024-10-11 1850.00   XobB R4;1 ML1635898 2025-05-20 2025-05-20 General Books
    Colon Classification (CC)     Faculty of Management Library Faculty of Management Library General Stacks 2024-10-11 1850.00   XobB R4 ML1635897 2025-05-20 2025-05-20 General Books
Copyright @ Delhi University Library System